People in pictures with Mao Zedong - Statistics

General Stats
  • This quiz has been taken 351 times
  • The average score is 8 of 13
Answer Stats
Picture Hint Answer % Correct
Chairmen of USSR and GDR Stalin and Ulbricht
94%
North Korean leader Kim Il-Sung
91%
US President Richard Nixon
91%
Vietnamese leader Hồ Chí Minh
77%
US politicians Ford and Kissinger
71%
Soviet leader Nikita Khrushchev
71%
Religious leader 14th Dalai Lama
68%
His later enemy Chiang Kai-shek
57%
PM of India Jawaharlal Nehru
48%
Chinese leader Deng Xiaoping
47%
President of Indonesia Sukarno
39%
Albanian leader Enver Hoxha
34%
Cambodian leader Prince Sihanouk
15%
No matching quizzes found
Score Distribution
Percent of People with Each Score
Percentile by Number Answered
Your Score History
You have not taken this quiz